|
|
|
|
| LEADER |
00000cam a2200000 a 4500 |
| 001 |
vtls010077621 |
| 003 |
SK-MaSNL |
| 005 |
20260331205754.0 |
| 008 |
251120s2010 xo a j f000 0 slo |
| 013 |
|
|
|a 287212
|b gw
|c patent
|d 20100308
|e dátum nadobudnutia účinkov patentu (Vestník ÚPV SR č.: 3/2010)
|d 20100224
|e dátum sprístupnenia patentu
|
| 013 |
|
|
|a 1305-2003
|e číslo prihlášky
|d 20020412
|e dátum podania prihlášky
|d 20040203
|e dátum zverejnenia prihlášky (Vestník ÚPV SR č.: 2/2004)
|
| 013 |
|
|
|a 101 19 624.5, 101 38 399.1
|e číslo prioritnej prihlášky
|d 20010420, 20010804
|e dátum podania prioritnej prihlášky
|b DE, DE
|e kód krajiny prioritnej prihlášky
|
| 015 |
|
|
|a SNBN2014
|
| 040 |
|
|
|a SNK
|b slo
|c SNK
|e AACR2
|
| 041 |
0 |
|
|a slo
|
| 044 |
|
|
|a xo
|c SK
|
| 072 |
|
7 |
|a 621.3
|x Elektrotechnika
|2 konspekt
|
| 080 |
|
|
|a 621.311.245
|2 2001
|
| 084 |
|
|
|a F03D 9/00
|2 IPC
|
| 084 |
|
|
|a F03D 7/00
|2 IPC
|
| 100 |
1 |
|
|a Wobben, Aloys
|4 org
|4 pth
|9 323081
|
| 245 |
1 |
0 |
|a Spôsob prevádzkovania zariadenia veternej elektrárne a zariadenie veternej elektrárne
|c Aloys Wobben ; patent. zást. Rott, Růžička & Guttmann v. o. s. Bratislava
|
| 260 |
|
|
|a [Banská Bystrica]
|b Úrad priemyselného vlastníctva SR
|c [2010]
|
| 300 |
|
|
|a 7 s.
|b obr.
|c 30 cm
|
| 650 |
0 |
7 |
|a veterné elektrárne
|2 SNKPH
|9 68054
|
| 650 |
0 |
7 |
|a Wind power plants
|2 SNKPHeng
|9 323082
|
| 655 |
|
7 |
|a patenty
|2 SNKPH
|9 177343
|
| 655 |
|
7 |
|a patent licenses
|2 SNKPHeng
|9 303430
|
| 710 |
2 |
|
|a Rott, Růžička & Guttmann (Bratislava, Slovensko)
|4 oth
|9 161299
|
| 852 |
|
|
|a Štátna vedecká knižnica v Banskej Bystrici
|
| 999 |
|
|
|c 1004794
|d 1006724
|
| 952 |
|
|
|a SNK
|b SNK
|y PREZ
|7 0
|p 17A1132289
|o snkSK 287212
|i snk2014/26302
|8 0
|0 0
|1 0
|4 0
|d 2014-11-27
|l 0
|r 2026-02-24 12:32:22
|w 2026-02-24
|